|
|
|
|
| LEADER |
00000nam a2200000 a 4500 |
| 001 |
vtls010880759 |
| 003 |
SK-MaSNL |
| 005 |
20260301134635.0 |
| 007 |
co cg muuua |
| 008 |
160430s2015 xo | fs 100 0 slo |
| 015 |
|
|
|a SNBS2016
|
| 020 |
|
|
|a 9788022541053 (elektronická kniha)
|
| 040 |
|
|
|a SNK
|b slo
|c SNK
|e AACR2
|
| 041 |
0 |
|
|a slo
|
| 044 |
|
|
|a xo
|c SK
|
| 072 |
|
7 |
|a 504
|x Znečistenie a poškodenie životného prostredia
|2 konspekt
|
| 072 |
|
7 |
|a 656
|x Doprava
|2 konspekt
|
| 080 |
|
|
|a 662.756+662.767
|2 2011
|
| 080 |
|
|
|a 504.5:502.3
|2 2011
|
| 080 |
|
|
|a 656
|2 2011
|
| 080 |
|
|
|a (062.534)
|2 2011
|
| 080 |
|
|
|a (0.034.44)
|2 2011
|
| 111 |
2 |
|
|a Plánovanie prepravy s cieľom znižovania emisií
|n (1. :
|d 2015 :
|c Bratislava, Slovensko)
|9 488815
|
| 245 |
1 |
0 |
|a Plánovanie prepravy s cieľom znižovania emisií
|h elektronický zdroj
|b 1. vedecký workshop k riešeniu projektu Vega č. 1/0245/15 : zborník z workshopu
|c zostavovateľ: Juraj Pekár, Marian Reiff
|
| 260 |
|
|
|a Bratislava
|b Ekonomická univerzita
|b Ekonóm
|c 2015
|
| 300 |
|
|
|a 1 elektronický optický disk (CD-ROM)
|b fareb.
|c 12 cm
|
| 500 |
|
|
|a Názov z titulnej obrazovky
|
| 504 |
|
|
|a Bibliogr. odkazy
|
| 516 |
|
|
|a Textový dokument (zborník), súbory vo formáte pdf, htm
|
| 536 |
|
|
|a Vega č. 1/0245/15
|
| 538 |
|
|
|a Technické požiadavky: PDF prehliadač, internetový prehliadač
|
| 650 |
0 |
7 |
|a alternatívne pohonné hmoty
|2 SNKPH
|9 99111
|
| 650 |
0 |
7 |
|a emisie znečisťujúcich látok
|2 SNKPH
|9 73133
|
| 650 |
0 |
7 |
|a doprava
|2 SNKPH
|9 1777
|
| 650 |
0 |
7 |
|a Alternative propellants
|2 SNKPHeng
|9 327712
|
| 650 |
0 |
7 |
|a Air pollutant emission
|2 SNKPHeng
|9 274761
|
| 650 |
0 |
7 |
|a Transportation
|2 SNKPHeng
|9 267622
|
| 655 |
|
7 |
|a elektronické zdroje
|2 SNKPH
|9 90954
|
| 655 |
|
7 |
|a CD-ROM
|2 SNKPH
|9 70236
|
| 655 |
|
7 |
|a zborníky konferencií
|2 SNKPH
|9 70153
|
| 655 |
|
7 |
|a Proceedings of conferences
|2 SNKPHeng
|9 265791
|
| 655 |
|
7 |
|a Electronic resources
|2 SNKPHeng
|9 175546
|
| 700 |
1 |
|
|a Pekár, Juraj,
|d 1972-
|4 com
|9 160990
|
| 700 |
1 |
|
|a Reiff, Marian,
|d 1978-
|4 com
|9 166976
|
| 919 |
|
|
|a 978-80-225-4105-3
|
| 958 |
|
|
|a NB
|
| 999 |
|
|
|c 757621
|d 759551
|
| 952 |
|
|
|a SNK
|b SNK
|y PREZ
|7 0
|p 17A1172427
|o snkSCDM 7813
|i snk2015/27440
|8 0
|0 0
|1 0
|4 0
|d 2015-09-28
|l 0
|r 2026-02-23 23:53:56
|w 2026-02-23
|
| 952 |
|
|
|t snkPLA 656
|a SNKMST
|b SNKMST
|y PREZ
|7 0
|p 17A1172428
|o snkSCDM 7813 D1
|i snk2015/27441
|8 0
|0 0
|1 0
|4 0
|d 2015-09-28
|l 0
|r 2025-08-13 00:00:00
|w 2026-02-23
|